Analysis and design of algorithms : for 4th sem CS/IS (Record no. 184665)
[ view plain ]
| 000 -LEADER | |
|---|---|
| fixed length control field | 00410nam a2200157Ia 4500 |
| 008 - FIXED-LENGTH DATA ELEMENTS--GENERAL INFORMATION | |
| fixed length control field | 231217s9999 xx 000 0 und d |
| 041 ## - LANGUAGE CODE | |
| Language code of text/sound track or separate title | English |
| 082 ## - DEWEY DECIMAL CLASSIFICATION NUMBER | |
| Classification number | 001.6423 RED;20 |
| 100 ## - MAIN ENTRY--PERSONAL NAME | |
| Personal name | Reddy, Padma, A M. |
| 245 #0 - TITLE STATEMENT | |
| Title | Analysis and design of algorithms : for 4th sem CS/IS |
| 250 ## - EDITION STATEMENT | |
| Edition statement | 5th rev ed. |
| 260 ## - PUBLICATION, DISTRIBUTION, ETC. | |
| Date of publication, distribution, etc. | 2009 |
| Name of publisher, distributor, etc. | Sri Nandi |
| Place of publication, distribution, etc. | Bangalore |
| 300 ## - PHYSICAL DESCRIPTION | |
| Extent | 11.4+A62 |
| 650 ## - SUBJECT ADDED ENTRY--TOPICAL TERM | |
| Topical term or geographic name entry element | CS/IS |
| 942 ## - ADDED ENTRY ELEMENTS (KOHA) | |
| Koha item type | Books |
| Date last seen | Total checkouts | Full call number | Accession number | Uniform resource identifier | Cost, total (INR) price | Price effective from | Category | Public note | Lost status | Damaged status | Department | Withdrawn status | Home library | Current library | Shelving location | Entry date | Vendor | Cost, normal purchase price | Grants | Billnumber | Billdate | Currency symbol | Conversion rate | Discount | Old discount |
|---|---|---|---|---|---|---|---|---|---|---|---|---|---|---|---|---|---|---|---|---|---|---|---|---|---|
| 26/01/2024 | 001.6423 RED;20 | 57253 | digital/contents/57254.pdf | 167.20 | 26/01/2024 | Books | SC-ST(1570) | Central Library | Central Library | Central Library | SC-ST | 10/12/2009 | Sapna Book House | 190.00 | SC-ST | SBH/CRB/060125 | 02/09/2013 | RS | 1 | 22.8 | 12 | ||||
| 26/01/2024 | 001.6423 RED;21 R | 57254 | digital/contents/57254.pdf | 167.20 | 26/01/2024 | Books | SC-ST(1571) | Central Library | Central Library | Central Library | SC-ST | 10/12/2009 | Sapna Book House | 190.00 | SC-ST | SBH/CRB/060125 | 02/09/2013 | RS | 1 | 22.8 | 12 |
